000 00503nam a2200205Ia 4500
005 20240823022022.0
008 240823s9999||||xx |||||||||||||| ||und||
020 _a81-7758-976-8
041 _aENGLISH
082 _A658.8 P6
100 _aKrishnamacharyulu C S G
245 0 _aRural Marketing : Text and Cases
250 _a1st
260 _c2006
_b"Pearson,"
500 _aYES
650 _aMarketing
_bManagement Studies
700 _a Lalitha Ramakrishnan
942 _cBK
999 _c178201
_d178201